Pumped Up Kicks Lyrics - Statistics

General Stats
  • This quiz has been taken 2,600 times
  • The average score is 12 of 21
Answer Stats
Hint Answer % Correct
Robert's got a quick ____ hand
89%
All the other kids with the ______ __ _____ pumped up kicks
89%
All the other kids with the ______ __ _____ pumped up kicks
89%
You better run, better run, faster than __ ______ my bullet
78%
But he's ______ ___ ___, yeah he's coming for you coming for you
75%
You better run, better run, ______ __ ___ outrun my gun
74%
Daddy works a ____ ___ long day
66%
Hangin out his mouth, he's a ______ ___ cowboy kid
62%
I don't even know ____ what
61%
And he's bringing me a ________ surprise
56%
In his Dad's ______ with the box of fun things closet
55%
Yeah he found a ___ _______ gun six shooter
54%
I've ______ for a long time waited
54%
He'll ____ ______ the room look around
52%
He's got a ______ _________ rolled cigarette
52%
He won't tell you his _____ plans
49%
He be ______ ____ ____ coming home late
41%
Then say, "Your hair's on fire, you must've ____ ____ ____, yeah" lost your wits
34%
I ______ with my cigarette reason
32%
Cause dinner's in the kitchen and it's ______ __ ___ packed in ice
31%
Yeah the _______ of my hand is now a quick pull trigger sleight
17%
No matching quizzes found
Score Distribution
Percent of People with Each Score
Percentile by Number Answered
Your Score History
You have not taken this quiz